[Event "SVK-chT U16 rapid"]
[Site "Poprad"]
[Date "2025.05.04"]
[Round "5.30"]
[White "Mikulova, Dominika"]
[Black "Mocik, Pavel"]
[Result "1-0"]
[WhiteElo "1583"]
[BlackElo "1479"]
[PlyCount "51"]
[EventDate "2025.05.04"]
[EventType "team-swiss (rapid)"]
[EventRounds "7"]
[EventCountry "SVK"]
[SourceTitle "CB19_2025"]
[SourceDate "2025.05.07"]
[SourceVersion "1"]
[SourceVersionDate "2025.05.07"]
[SourceQuality "1"]

1. e4 e5 2. Nf3 Nc6 3. Nc3 Bc5 4. Nxe5 Nxe5 5. d4 Bd6 6. dxe5 Bxe5 7. Bd2 Nf6 8. Bd3 d6 9. Bg5 Be6 10. Bxf6 Qxf6 11. Nb5 0-0 12. Nxc7 Bxb2 13. Rb1 Rac8 14. Nxe6 fxe6 15. 0-0 Bd4 16. Rxb7 Bxf2+ 17. Kh1 Qd4 18. Qh5 Be3 19. e5 Rxf1+ 20. Bxf1 Qxe5 21. Qf7+ Kh8 22. Rc7 Rd8 23. Qd7 Rf8 24. Rc8 Qf6 25. Bb5 Qf1+ 26. Bxf1 1-0